| 000 | 00570cab a2200193 4500 | ||
|---|---|---|---|
| 001 | WB2643-31 | ||
| 008 | 090401t1990 xxu||||| |||| 00| 0 eng d | ||
| 035 | _a(Sirsi) u9323 | ||
| 041 | _aeng | ||
| 245 | _aGolf course problems | ||
| 260 | _c1990 | ||
| 350 | _a0 | ||
| 490 |
_aDaily Telegraph _v29/10/90 p21(2) |
||
| 520 | _aLooks at the conflict between landowners and conservationists over golf course development s taking Lyneham Golf Club as an example. | ||
| 650 | _aPLANNING PROBLEMS | ||
| 690 | _aLEISURE AND RECREATION | ||
| 942 | _n0 | ||
| 948 | _c04/03/1997 | ||
| 999 |
_c5804 _d5804 |
||